• 首页
  • 本馆介绍
  • 公告通知
  • 最新文献
  • 馆藏检索
  • 电子资源
  • 读者导购
  • 参考咨询
  • 我的图书馆
  • 登录
  • 详细信息显示
  • 放入我的书架
  • 预约/预借图书
  • 作者相关作品
  • 分类相关作品
  • 丛书相关作品
  • 出版社相关作品

书目信息

  • 表格格式
  • 工作单格式
  • 卡片格式
题名:
中医让你瘦
    
 
作者: 余淑美 , 陈亭 著
分册:  
出版信息: 北京   北京出版社  2005
页数: 149页
开本: 21cm
丛书名:
单 册:
中图分类: R161.1
科图分类:
主题词: 肥胖病 , 中医疗法 , 肥胖病--中医疗法 , 个人卫生
电子资源:
ISBN: 7-200-05862-9
000 00901nam0 2200277 450
001 002933477
005 20061107111601.89
010    @a7-200-05862-9@dCNY15.00
100    @a20050317d2005 em y0chiy0110 ea
101 0  @achi
102    @aCN@b110000
105    @aa z 000yy
200 1  @a中医让你瘦@9zhong yi rang ni shou@f余淑美,陈亭著
210    @a北京@c北京出版社@d2005
215    @a149页@c照片,图@d21cm
305    @a城邦文化事业股份有限公司麦田出版事业部授权出版
330    @a本书为肥胖者分析各种肥胖发生的原因,以中医“辨证论治”的论点,来帮助患者做肥胖证型及体质属性的分类,利用全方位科学减重法,教您建立正确的观念。
606 0  @a肥胖病
606 0  @a中医疗法
606 0  @a肥胖病@x中医疗法
606 0  @a个人卫生
690    @aR161.1@v4
701  0 @a余淑美@9yu shu mei@c(女)@4著
701  0 @a陈亭@9chen ting@c(女)@4著
801  0 @aCN@bNLC@c20061107
905    @a10447@dR161.1@e111
    
    中医让你瘦/余淑美,陈亭著.-北京:北京出版社,2005
    149页:照片,图;21cm
    
    
    ISBN 7-200-05862-9:CNY15.00
    本书为肥胖者分析各种肥胖发生的原因,以中医“辨证论治”的论点,来帮助患者做肥胖证型及体质属性的分类,利用全方位科学减重法,教您建立正确的观念。
●
相关链接 在E读中查询图书 在五车中查询图书 在当当中查询图书 在豆瓣中查询图书


正题名:中医让你瘦     索取号:R161.1/111         预约/预借

序号 登录号 条形码 馆藏地/架位号 状态 备注
1 0381822   203818226   第二样本阅览室/ [索取号:R161.1/111] 在馆    
2 0381823   203818235   第三借阅区/ [索取号:R161.1/111] 在馆    
3 0381824   203818244   教育系资料室/ [索取号:R161.1/111] 在馆    
4 0381825   203818253   第三借阅区/ [索取号:R161.1/111] 在馆    
5 0381826   203818262   教育系资料室/ [索取号:R161.1/111] 在馆    
唐山师范学院图书馆 欢迎您!
大连网信软件有限公司© 版权所有